Heart talks on the deeper life. (Record no. 12584)

000 -LEADER
fixed length control field 00541nam a2200181 a 4500
001 - CONTROL NUMBER
control field :::00010392$&:&@@
003 - CONTROL NUMBER IDENTIFIER
control field OkBaRHE
005 - DATE AND TIME OF LATEST TRANSACTION
control field 20000607103358.0
008 - FIXED-LENGTH DATA ELEMENTS--GENERAL INFORMATION
fixed length control field s1960 j 000 0 eng u
040 ## - CATALOGING SOURCE
Transcribing agency
100 1# - MAIN ENTRY--PERSONAL NAME
Personal name Deal, William S.
245 10 - TITLE STATEMENT
Title Heart talks on the deeper life.
260 ## - PUBLICATION, DISTRIBUTION, ETC. (IMPRINT)
Place of publication, distribution, etc Butler, IN., :
Name of publisher, distributor, etc The Higley-Huffman Press
Date of publication, distribution, etc c1960
300 ## - PHYSICAL DESCRIPTION
Extent 127 p. ;
Dimensions 20 cm.
650 ## - SUBJECT ADDED ENTRY--TOPICAL TERM
Topical term or geographic name as entry element Christian Life
942 ## - ADDED ENTRY ELEMENTS (KOHA)
Source of classification or shelving scheme
Koha item type Books
Copies
Source of classification or shelving scheme Date acquired Lost status Shelving location Barcode Price effective from Copy number Permanent Location Not for loan Withdrawn status Koha item type Damaged status Full call number Date last seen
 2010-04-14 General Stacks103922010-04-141RHEMA Bible Training College  Books BV 4501 .D42010-04-14